000
00302nam a2200109Ia 4500
001
1269978
005
20260417145319.0
008
260417s9999 xx 000 0 und d
020
_a
9772149467977
245
0
_a
Zehir Gibi Kafalar Dünya'nın Neden Ateşi Var
_c
Federico Taddia
260
_b
Ketebe Çocuk
999
_c
1269978
_d
1269978